Delay and disruption claims in construction (Record no. 116116)
[ view plain ]
| 000 -LEADER | |
|---|---|
| fixed length control field | 00885cam a22002535a 4500 |
| 001 - CONTROL NUMBER | |
| control field | L159803 |
| 008 - FIXED-LENGTH DATA ELEMENTS--GENERAL INFORMATION | |
| fixed length control field | 180115s2018 xxk f 000 0 eng d |
| 020 ## - INTERNATIONAL STANDARD BOOK NUMBER | |
| International Standard Book Number | 9780727761973 |
| 035 ## - SYSTEM CONTROL NUMBER | |
| System control number | (Sirsi) u159803 |
| 041 0# - LANGUAGE CODE | |
| Language code of text/sound track or separate title | eng |
| 050 04 - LIBRARY OF CONGRESS CALL NUMBER | |
| Classification number | 692.8 |
| 100 1# - MAIN ENTRY--PERSONAL NAME | |
| Personal name | Haidar, Ali |
| 245 00 - TITLE STATEMENT | |
| Title | Delay and disruption claims in construction |
| Remainder of title | a practical approach |
| 250 ## - EDITION STATEMENT | |
| Edition statement | 3 ed |
| 260 ## - PUBLICATION, DISTRIBUTION, ETC. | |
| Place of publication, distribution, etc. | London |
| Name of publisher, distributor, etc. | Thomas Telford |
| Date of publication, distribution, etc. | 2018 |
| 520 ## - SUMMARY, ETC. | |
| Summary, etc. | Details delay and disruption claims in construction within technical, contractual and legal parameters. Includes information on assessment techniques, guidance on presenting different claims, methods for calculating costs and case studies. |
| 520 ## - SUMMARY, ETC. | |
| Summary, etc. | Supersedes 2 ed 9780727761973 |
| 590 ## - LOCAL NOTE (RLIN) | |
| Local note | KA |
| 651 #4 - SUBJECT ADDED ENTRY--GEOGRAPHIC NAME | |
| Geographic name | England and Wales |
| Chronological subdivision | 1543- |
| 690 ## - LOCAL SUBJECT ADDED ENTRY--TOPICAL TERM (OCLC, RLIN) | |
| Topical term or geographic name as entry element | Construction management |
| 9 (RLIN) | 6230 |
| 700 1# - ADDED ENTRY--PERSONAL NAME | |
| Personal name | Barnes, Peter |
| 856 40 - ELECTRONIC LOCATION AND ACCESS | |
| Uniform Resource Identifier | <a href=""></a> |
| Public note | |
| 942 ## - ADDED ENTRY ELEMENTS (KOHA) | |
| Suppress in OPAC | 0 |
| Withdrawn status | Lost status | Source of classification or shelving scheme | Damaged status | Not for loan | Home library | Current library | Shelving location | Date acquired | Total Checkouts | Full call number | Barcode | Date last seen | Copy number | Price effective from | Koha item type |
|---|---|---|---|---|---|---|---|---|---|---|---|---|---|---|---|
| Dewey Decimal Classification | London | London | Books | 15/01/2018 | 692.8 HAI | 50014366 | 06/08/2019 | 1 | 06/08/2019 | Book |